Normal view
MARC view
- جامغة الزرقاء - التقرير السنوي 2017-2018
Entry Topical Term
001 - CONTROL NUMBER
- control field: 58798
003 - CONTROL NUMBER IDENTIFIER
- control field: JO-AjAnu
005 - DATE AND TIME OF LATEST TRANSACTION
- control field: 20230606083623.0
008 - FIXED-LENGTH DATA ELEMENTS
- fixed length control field: 230606|| aca||aabn | a|a d
040 ## - CATALOGING SOURCE
- Original cataloging agency: JO-AjAnu
- Transcribing agency: JO-AjAnu
150 ## - HEADING--TOPICAL TERM
- Topical term or geographic name entry element: جامغة الزرقاء - التقرير السنوي 2017-2018
670 ## - SOURCE DATA FOUND
- Source citation: Work cat.: (JO-AjAnu)29992: اعداد جامعة الزرقاء- الاردن, author 58797, التقرير السنوي 2017-2018/ جامعة الزرقاء-الاردن